| 000 | 00852nam a22002057a 4500 | ||
|---|---|---|---|
| 999 |
_c164242 _d164242 |
||
| 005 | 20190802103925.0 | ||
| 010 | _aB-728306-307 | ||
| 020 |
_a9789313164623 _c1525.00 |
||
| 035 | _aB-728306-307 | ||
| 037 | _bAksharesh Enterprises | ||
| 082 | _a000 | ||
| 100 | _aPandey,Manohar | ||
| 245 |
_aGeneral studies for civil services preliminary examination paper-1 2019 / _cby Manohar Pandey ; edited by Priya Goyal |
||
| 260 |
_aNew Delhi _bArihant _c2019 |
||
| 270 |
_a'Ramchhaya' 4577/15, Agarwal Road, Daryaganj _bNew Delhi _e110002 |
||
| 300 |
_avarious pagings: _bill. _c27cm(pbk) |
||
| 700 | _aGoyal, Priya | ||
| 942 |
_2ddc _cEN _h000 _mPAN |
||